000 00412nam a2200133Ia 4500
005 20260328104333.0
008 260328s9999||||xx |||||||||||||| ||und||
100 _aRamírez, Cecilia
245 0 _aInvestigación en Diseño :
_b experiencias y aplicaciones /
_cCecilia Ramírez
260 _bUniversidad Pedagógica y Tecnológica de Colombia
300 _a137 p.
650 _aDISEÑO INDUSTRIAL
942 _cBK
999 _c11794
_d11794